00407nam a2200121Ia 4500008004100000082001300041100003800054245005200092300000800144942001200152999001900164952010200183210430s9999 xx 000 0 und d a747 Q95M aEngr. Sharf Ud Din Qureshi954641 aMakan Khud BanwayencEngr. Sharf Ud Din Qureshi a192 cBK2ddc c565279d565279 001040708NFICaSCMEbSCMEcGENd0004-06-15l0o747 Q95MpSCME-4569r2021-04-30w2021-04-30yBK